Coxeter matroids

Αποθηκεύτηκε σε:
Λεπτομέρειες βιβλιογραφικής εγγραφής
Κύριος συγγραφέας: Borovik, Alexandre
Άλλοι συγγραφείς: Gelfand, I. M. (Izrail Moiseevich), White, Neil 1945-
Μορφή: Βιβλίο
Γλώσσα:English
Δημοσίευση: Boston : Birkhause, c2003
Σειρά:Progress in mathematics (Boston, Mass.) ; 216
Θέματα:
Ετικέτες: Προσθήκη ετικέτας
Δεν υπάρχουν, Καταχωρήστε ετικέτα πρώτοι!

MARC

LEADER 00000nam a2200000 i 4500
001 1/44853
008 031110s2003 eng d
020 |a 0-8176-3764-8 
035 |l 10071621 
040 |a GR-MY-UA  |b gre  |e aacr 
041 0 |a eng 
082 0 |a 511.6 
100 1 |a Borovik, Alexandre. 
245 1 0 |a Coxeter matroids /  |c Alexandre V. Borovik, I.M. Gelfand, Neil White ; with illustrations by Anna Borovik 
260 |a Boston :   |b Birkhause,   |c c2003 
300 |a xxii, 264 p.;  |b ill.;  |c 24 cm. 
490 1 |a Progress in mathematics  |v ; 216 
504 |a Includes bibliographical references (p. [253]-257) and index 
650 0 0 |a Matroids. 
700 1 |a Gelfand, I. M.  |q (Izrail Moiseevich) 
700 1 |a White, Neil  |d 1945- 
830 0 |a Progress in mathematics (Boston, Mass.)  |v ; 216 
852 |a INST  |b SAMOS  |e 20031110  |h 511.6 BOR  |p 005300023683  |q 005300023683  |t BK  |y 0 
901 |a BIBL3-2003-3 
909 |a Σ  |b 106808 
922 |a 3ΕΛΗ  |b 200309  |c ΕΠΕΑΕΚ2/ΤΜΗΜΑ ΜΑΘΗΜΑΤΙΚΩΝ  |d ΜΙΧΑΛΟΠΟΥΛΟΣ 
970 |a ΠΟΥΡΝΑΡΑΣ  |b ΔΗΜΗΤΡΗΣ  |z 2003/11/13